Business taxpayer information publications /

Bibliographic Details
Corporate Author: United States. Internal Revenue Service
Format: Government Document Serial
Language:English
Published: [Washington, D.C.] : Dept. of the Treasury, Internal Revenue Service, [1997]-
Series:Publication (United States. Internal Revenue Service) ; 1194- B.
Subjects:

MARC

Tag First Indicator Second Indicator Subfields
LEADER 00000cas a2200000 a 4500
001 in00000003159
005 20151007051039.0
008 970203c19969999dcuar f0 0eng d
010 |a sn 97049911  
019 |a 36318882 
035 |a (OCoLC)ocm36313654 
035 |9 AJG2087AM 
037 |b Eastern Area Distribution Center, P.O. Box 85074, Richmond, VA 23261-5074 
040 |a VQT  |c VQT  |d SPU  |d ALR  |d SLU  |d IUL  |d GPO  |d UtOrBLW 
042 |a lcd 
043 |a n-us--- 
049 |a TXAM 
050 1 4 |a KF6450.A73  |b B87 
074 |a 0964-B 
086 0 |a T 22.44/2:1194-B  |z T 22.44/2:1194-B/996 
092 |a 336.242  |b BUS 
245 0 0 |a Business taxpayer information publications /  |c Department of the Treasury, Internal Revenue Service. 
264 1 |a [Washington, D.C.] :  |b Dept. of the Treasury, Internal Revenue Service,  |c [1997]- 
300 |a volumes :  |b illustrations ;  |c 28 cm. 
310 |a Annual 
336 |a text  |b txt  |2 rdacontent 
337 |a unmediated  |b n  |2 rdamedia 
338 |a volume  |b nc  |2 rdacarrier 
362 0 |a 1996- 
490 1 |a Publication ;  |v 1194-B 
500 |a Title from cover. 
500 |a Latest issue consulted: V. 2, 2002. 
500 |a Purchase from: Supt. of Docs., U.S. Govt. Print. Off., Washington, D.C. 20402. 
515 |a Some issues published in 2 v. 
530 |a Some v. distributed to depository libraries in microfiche, 2001- 
580 |a Tax forms also available on CD-ROM: United States. Internal Revenue Service. Tax products CD-ROM. 
580 |a Tax forms available at IRS web site. 
650 0 |a Business enterprises  |x Taxation  |z United States  |v Periodicals. 
650 0 |a Business enterprises  |x Taxation  |z United States  |v Forms. 
650 0 |a Income tax  |z United States  |v Periodicals. 
710 1 |a United States.  |b Internal Revenue Service. 
776 1 |c Microfiche  |d Supt. of Docs., U.S. G.P.O.  |w (DLC) 2003231345  |w (OCoLC)50154129 
787 1 |a United States. Internal Revenue Service.  |t Tax products CD-ROM  |w (DLC) 2002230272  |w (OCoLC)48971625 
830 0 |a Publication (United States. Internal Revenue Service) ;  |v 1194- B. 
850 |a InU  |a MoSU-L 
936 |a 1999 LIC 
994 |a E0  |b TXA 
948 |a cataloged  |b h  |c 2003/10/27  |e zprado  |f 04:50:15 pm 
999 |a MARS 
999 f f |s d4a812a2-469b-33b0-a905-bb6a7739b5b9  |i ff38ac14-cf60-3c7b-bdee-4cb31e7ca14f  |t 0 
952 f f |p normal  |a Texas A&M University  |b College Station  |c Sterling C. Evans Library  |d Evans: US Documents Microfiche (3rd floor)  |t 0  |e T 22.44/2:1194-B/  |h Superintendent of Documents classification  |i unmediated -- volume  |k 2002:v.1  |m A14831022650 
952 f f |p normal  |a Texas A&M University  |b College Station  |c Sterling C. Evans Library  |d Evans: US Documents (Annex 5th floor)  |t 0  |e T 22.44/2:1194-B/  |h Superintendent of Documents classification  |i unmediated -- volume  |k 2000:v.1  |m A14827974049 
952 f f |p normal  |a Texas A&M University  |b College Station  |c Sterling C. Evans Library  |d Evans: US Documents (Annex 5th floor)  |t 0  |e T 22.44/2:1194-B/  |h Superintendent of Documents classification  |i unmediated -- volume  |k 1999:v.2  |m A14826257703 
952 f f |p normal  |a Texas A&M University  |b College Station  |c Sterling C. Evans Library  |d Evans: US Documents (Annex 5th floor)  |t 0  |e T 22.44/2:1194-B/  |h Superintendent of Documents classification  |i unmediated -- volume  |k 2000:v.2  |m A14827973093 
952 f f |p normal  |a Texas A&M University  |b College Station  |c Sterling C. Evans Library  |d Evans: US Documents (Annex 5th floor)  |t 0  |e T 22.44/2:1194-B/  |h Superintendent of Documents classification  |i unmediated -- volume  |l 1996  |m A14827966583 
952 f f |p normal  |a Texas A&M University  |b College Station  |c Sterling C. Evans Library  |d Evans: US Documents Microfiche (3rd floor)  |t 0  |e T 22.44/2:1194-B/  |h Superintendent of Documents classification  |i unmediated -- volume  |k 2002:v.2  |m A14831023240 
952 f f |p normal  |a Texas A&M University  |b College Station  |c Sterling C. Evans Library  |d Evans: US Documents (Annex 5th floor)  |t 0  |e T 22.44/2:1194-B/  |h Superintendent of Documents classification  |i unmediated -- volume  |l 1998  |m A14827966410 
952 f f |p normal  |a Texas A&M University  |b College Station  |c Sterling C. Evans Library  |d Evans: US Documents (Annex 5th floor)  |t 0  |e T 22.44/2:1194-B/  |h Superintendent of Documents classification  |i unmediated -- volume  |k 1999:v.1  |m A14826257745 
952 f f |p normal  |a Texas A&M University  |b College Station  |c Sterling C. Evans Library  |d Evans: US Documents Microfiche (3rd floor)  |t 0  |e T 22.44/2:1194-B/  |h Superintendent of Documents classification  |i unmediated -- volume  |k 2001:v.2  |m A14829677944 
952 f f |p normal  |a Texas A&M University  |b College Station  |c Sterling C. Evans Library  |d Evans: US Documents Microfiche (3rd floor)  |t 0  |e T 22.44/2:1194-B/  |h Superintendent of Documents classification  |i unmediated -- volume  |k 2001:v.1  |m A14829678102 
998 f f |a T 22.44/2:1194-B/  |s 1996,1998-2000  |t 0  |l Evans: US Documents (Annex 5th floor) 
998 f f |a T 22.44/2:1194-B/  |s 2001-2002  |t 0  |l Evans: US Documents Microfiche (3rd floor)